Plant pathology
The book includes discoveries and improvements in molecular plant pathology, biological control, computers, and taxanomy of mocroorganisms, and the emergence of new plant pathogenetic microorganisms. Most improvements have been in the area of molecular genetics of plant disease resistance to pathoge...
Na minha lista:
| Autor principal: | |
|---|---|
| Formato: | Livro |
| Idioma: | Undetermined |
| Publicado em: |
San Diego, California
Academic Press
1997
|
| Assuntos: | |
| Tags: |
Adicionar Tag
Sem tags, seja o primeiro a adicionar uma tag!
|
| Thư viện lưu trữ: | Trung tâm Học liệu Trường Đại học Cần Thơ |
|---|
| LEADER | 01091nam a2200229Ia 4500 | ||
|---|---|---|---|
| 001 | CTU_32322 | ||
| 008 | 210402s9999 xx 000 0 und d | ||
| 020 | |b 1.023.000đ | ||
| 082 | |a 581.2 | ||
| 082 | |b A279 | ||
| 100 | |a George N Agrios | ||
| 245 | 0 | |a Plant pathology | |
| 245 | 0 | |c George N Agrios | |
| 260 | |a San Diego, California | ||
| 260 | |b Academic Press | ||
| 260 | |c 1997 | ||
| 520 | |a The book includes discoveries and improvements in molecular plant pathology, biological control, computers, and taxanomy of mocroorganisms, and the emergence of new plant pathogenetic microorganisms. Most improvements have been in the area of molecular genetics of plant disease resistance to pathogens | ||
| 526 | |a Thâm cứu chiến lược quản lý bệnh hại cây trồng,Tương tác giữa cây trồng và dịch hại,Anh văn chuyên môn - KHCT,Thâm cứu bảo vệ thực vật | ||
| 526 | |b NN910,NN936,NN134,NN716 | ||
| 650 | |a plant diseases | ||
| 904 | |i Minh, 990731 | ||
| 980 | |a Trung tâm Học liệu Trường Đại học Cần Thơ | ||